| 000 | 00701nam a2200217 a 4500 | ||
|---|---|---|---|
| 001 | 13099 | ||
| 003 | BD-JhCC | ||
| 005 | 20230710102709.0 | ||
| 008 | 230710s20182010bg |||| |||| 000 0 ben d | ||
| 020 | _a9789848767986 | ||
| 035 | _a(BD-JhCC)13099 | ||
| 040 |
_aBD-JhCC _dBD-JhCC |
||
| 041 | _aben | ||
| 082 |
_a891.4435 _bAGR 2018 |
||
| 245 |
_aএগারোটি বিদেশি গল্প / _cঅনুবাদক সুব্রত বড়ুয়া |
||
| 260 |
_aঢাকা : _bপড়ুয়া, _c২০১৮ |
||
| 300 |
_a১৬০ পৃ. : _c২২ সেমি. |
||
| 650 | _aShort Stories | ||
| 700 | _aবড়ুয়া, সুব্রত | ||
| 942 |
_2ddc _cBK |
||
| 999 |
_c13099 _d13099 |
||